000 00418nam a2200157Ia 4500
008 240729s9999 xx 000 0 und d
022 _a1820-7421
245 0 _aJournal of the Serbian Chemical Society
260 _aSerbia
260 _bSerbian Chemical Society
650 _a Chemistry
650 _aScience
856 _uhttps://doaj.org/toc/a421cc01fd2a43e4802a6994e05d5d84
942 _2ddc
942 _cDOAJEJ
999 _c69134
_d69134
945 _a1
_bMadushi Gamage
_c1
_dMadushi Gamage